Blues - Sudden Death - Statistics

General Stats
  • This quiz has been taken 113 times
  • The average score is 5 of 13
Answers on the Grid
Answers color-coded by a green-red scale on the quiz's grid according to % correct below.
Aqua
Aqua Marine
Azure
Blue Bell
Cerulean
Cyan
Cornflower
Denim
Indigo
Manatee
Blue Lagoon
Periwinkle
Wild Blue Yonder
Blueberry
Blackcurrant
Hoppin' Huckleberry
Cotton Candy
Blue Raspberry
Elderberry
Neptune
Ice Cubed
Genie Blue
Downtrodden
Blue Corn Chip
 
Answer Stats
Answer % Correct
Cyan
68%
Aqua
60%
Azure
60%
Aqua Marine
55%
Indigo
55%
Denim
48%
Cerulean
42%
Periwinkle
37%
Cornflower
34%
Blue Lagoon
29%
Blue Bell
23%
Manatee
5%
Wild Blue Yonder
1%
No matching quizzes found
Score Distribution
Percent of People with Each Score
Percentile by Number Answered
Your Score History
You have not taken this quiz